| 000 | 00524nam a22001697a 4500 | ||
|---|---|---|---|
| 003 | CEME | ||
| 005 | 20210628203517.0 | ||
| 008 | 210120b xxu||||| |||| 00| 0 eng d | ||
| 040 | _c. | ||
| 082 | _a200 THE | ||
| 100 |
_aEric J.Deutsch, Eric J. Deutsch, Wai K.Cheng _965915 |
||
| 245 | _aPiston ring friction analysis from oil film thickness measurments | ||
| 260 |
_aMIT _bMIT _c1994 |
||
| 300 | _a81P | ||
| 650 |
_aMS-MECH-MIT.PISTON RING FRICTION ANALYSIS FROM OIL FILM THICKNESS MEASURMENTS _965916 |
||
| 942 |
_cBK _2ddc |
||
| 999 |
_c573987 _d573987 |
||